Statistiche per Orientamenti sessuali

Clicka qui per fare il quiz!

Statistiche generali

  • Questo quiz è stato fatto 16 volte
  • Il punteggio medio è 5 su 7

Statistiche sulle risposte

Risposta% Corretto
Eterosessualità
93%
Omosessualità
93%
Asessualità
67%
Bisessualità
67%
Pansessualità
60%
Demisessualità
53%
Polisessualità
27%

Distribuzione punteggi

Percentile per numero di risposta

Percentuale di utenti per punteggio

I tuoi punteggi nel tempo

Non hai fatto questo quiz